<?xml version="1.0" encoding="UTF-8"?>
<collection xmlns="http://www.loc.gov/MARC21/slim">
 <record>
  <leader>00921pam a22002298a 4500</leader>
  <controlfield tag="001">00040322</controlfield>
  <controlfield tag="005">20171123081113.0</controlfield>
  <controlfield tag="008">110330s1995                  ||||||Viesd</controlfield>
  <datafield tag="020" ind1="#" ind2="#">
   <subfield code="a">978 604 57 2231 2</subfield>
   <subfield code="c">52000</subfield>
  </datafield>
  <datafield tag="041" ind1="0" ind2="#">
   <subfield code="a">Vie</subfield>
  </datafield>
  <datafield tag="082" ind1="1" ind2="4">
   <subfield code="a">355.209 597</subfield>
   <subfield code="b">PH110TR</subfield>
  </datafield>
  <datafield tag="100" ind1="0" ind2="#">
   <subfield code="a">Đỗ, Văn Dạo</subfield>
  </datafield>
  <datafield tag="245" ind1="0" ind2="0">
   <subfield code="c">Đỗ Văn Dạo</subfield>
   <subfield code="a">Phát triển nguồn nhân lực quân sự chất lượng cao đáp ứng yêu cầu hiện đại hóa quân đội nhân dân Việt Nam</subfield>
  </datafield>
  <datafield tag="260" ind1="#" ind2="#">
   <subfield code="a">Hà Nội</subfield>
   <subfield code="b">Chính trị Quốc gia  - Sự Thật</subfield>
   <subfield code="c">2016</subfield>
  </datafield>
  <datafield tag="300" ind1="#" ind2="#">
   <subfield code="a">200 tr.</subfield>
   <subfield code="c">21 cm.</subfield>
   <subfield code="e">Thư mục : tr. 193-199</subfield>
  </datafield>
  <datafield tag="653" ind1="#" ind2="#">
   <subfield code="a">Phát triển</subfield>
  </datafield>
  <datafield tag="653" ind1="#" ind2="#">
   <subfield code="a">Quân đội</subfield>
  </datafield>
  <datafield tag="653" ind1="#" ind2="#">
   <subfield code="a">Việt Nam</subfield>
  </datafield>
  <datafield tag="653" ind1="#" ind2="#">
   <subfield code="a">nguồn nhân lực</subfield>
  </datafield>
  <datafield tag="852" ind1="#" ind2="#">
   <subfield code="j">KD.0022693</subfield>
   <subfield code="j">KM.0023891</subfield>
  </datafield>
  <datafield tag="910" ind1=" " ind2=" ">
   <subfield code="d">23/11/2017</subfield>
  </datafield>
  <datafield tag="980" ind1="#" ind2="#">
   <subfield code="a">Trung tâm Học liệu Lê Vũ Hùng, Trường Đại học Đồng Tháp</subfield>
  </datafield>
 </record>
</collection>
